Toronto - Groups of 5 - Statistics

General Stats
  • This quiz has been taken 66 times
  • The average score is 18 of 30
Answer Stats
Hint Answer % Correct
NHL Team Maple Leafs
92%
MLB Team Blue Jays
91%
NBA Team Raptors
91%
Most Spoken Language - 1 English
89%
Most Spoken Language - 2 French
87%
Visitor Country - 2 China
85%
Most Practiced Religion - 2 Islam
85%
Visitor Country - 1 United States
85%
Visitor Country - 3 United Kingdom
83%
Most Practiced Religion - 1 Christianity
79%
Most Spoken Language - 4 Cantonese
75%
Most Practiced Religion - 3 Hinduism
75%
Sister City - 1 Chicago
72%
CFL Team Argonauts
70%
Most Practiced Religion - 4 Judaism
66%
Visitor Country - 4 India
60%
Most Practiced Religion - 5 Buddhism
58%
MLS Team Toronto FC
57%
Busiest Subway Stations - 3 Union
57%
Sister City - 5 Warsaw
57%
Sister City - 4 Milan
51%
Most Spoken Language - 3 Italian
42%
Busiest Subway Stations - 1 Bloor-Yonge
36%
Sister City - 3 Frankfurt
34%
Most Spoken Language - 5 Punjabi
34%
Busiest Subway Stations - 2 St. George
30%
Visitor Country - 5 South Korea
21%
Busiest Subway Stations - 5 Kennedy
19%
Busiest Subway Stations - 4 Sheppard-Yonge
17%
Sister City - 2 Chongqing
15%
No matching quizzes found
Score Distribution
Percent of People with Each Score
Percentile by Number Answered
Your Score History
You have not taken this quiz